| 000 | 00822nam a2200301Ia 4500 | ||
|---|---|---|---|
| 008 | 171120s9999 xx 000 0 und d | ||
| 020 | _a9712714160 | ||
| 050 | _a261.51 | ||
| 050 | _bL698 2003 | ||
| 100 | _aLicauco, Jaime | ||
| 245 | _aOn Christianity, new age & reincarnation : | ||
| 245 | _bnew perspectives on old religious issues / | ||
| 245 | _cby Jaime Licauco. | ||
| 260 | _aPhilippines : | ||
| 260 | _bAnvil, | ||
| 260 | _c2003 | ||
| 300 | _a219 pages : | ||
| 300 | _billustrations ; | ||
| 300 | _c22cm. | ||
| 500 | _aIncludes bibliography. | ||
| 650 | _aChristianity and other religions -- | ||
| 650 | _aParapsychology -- | ||
| 650 | _aReincarnation -- | ||
| 650 | _xChristianity. | ||
| 650 | _xNew age movement. | ||
| 650 | _xReligious aspects -- Christianity. | ||
| 700 | _aTitle. | ||
| 999 |
_c345454 _d345454 |
||